| 000 | 01275nam a2200265 a 4500 | ||
|---|---|---|---|
| 001 | 1704596 | ||
| 003 | AM-YEHGA | ||
| 005 | 20250618080113.0 | ||
| 008 | 200923s2019 gs o|||gr|||||||||1|arm|d | ||
| 020 | _a9789941965463 | ||
| 040 | _aAM-YeHGA | ||
| 041 | 0 |
_aarm _ageo |
|
| 100 | 1 |
_aԹումանյան, Հովհաննես Թադևոսի, _d1869-1923 _91108 |
|
| 245 | 1 | 0 |
_aՀոբելյանական ժողովածու = _bსაიუბილეო კრებული / _cՀ.Թ. Թումանյան ; Խմբագիր՝ Է. Ախտյան (հայերեն), Մ. Գորգիշվիլի (վրացերեն) ; Հայ առաքելական ուղղափառ սուրբ եկեղեցու վիրահայոց թեմ. |
| 246 | 1 | 1 | _aსაიუბილეო კრებული |
| 260 |
_a[Թբիլիսի] : _b«Մերանի» հրատ., _c2019. |
||
| 300 |
_a241 էջ : _bլուսանկար, _c20 սմ. |
||
| 500 | _aՆվիրվում է Հովհ. Թումանյանի 150-ամյակին: | ||
| 650 | 4 | _aՀայ պոեզիա | |
| 700 | 1 |
_aԱխտյան, Է. _eխմբ. _4edt |
|
| 700 | 1 |
_aԳորգիշվիլի, Մ. _eխմբ. _4edt |
|
| 710 | 2 | _aՀայ առաքելական ուղղափառ սուրբ եկեղեցու վիրահայոց թեմ | |
| 942 |
_2udc _cBK |
||
| 090 | _c565051 | ||
| 999 |
_c527080 _d527080 |
||